| Tag |
First Indicator |
Second Indicator |
Subfields |
| LEADER |
00000cam a2200000 a 4500 |
| 001 |
in00002198564 |
| 005 |
20151104082917.0 |
| 008 |
050926r20062005nyua b 000 1 eng |
| 010 |
|
|
|a 2005027540
|
| 020 |
|
|
|a 1416914919
|
| 024 |
3 |
|
|a 9781416914914
|
| 029 |
1 |
|
|a YDXCP
|b 2462386
|
| 035 |
|
|
|a (OCoLC)ocm62092985
|
| 040 |
|
|
|a DLC
|c DLC
|d BAKER
|d XY4
|d C#P
|d YDXCP
|d OCLCQ
|d TXA
|d UtOrBLW
|
| 042 |
|
|
|a lcac
|
| 049 |
|
|
|a TXAM
|
| 050 |
0 |
0 |
|a PZ7.G77577
|b Wol 2006
|
| 082 |
0 |
0 |
|a [E]
|2 22
|
| 100 |
1 |
|
|a Gravett, Emily.
|
| 245 |
1 |
0 |
|a Wolves /
|c Emily Grrrabbit [as printed].
|
| 250 |
|
|
|a 1st U.S. ed.
|
| 264 |
|
1 |
|a New York :
|b Simon & Schuster Books for Young Readers,
|c 2006.
|
| 300 |
|
|
|a 32 unnumbered pages :
|b color illustrations ;
|c 27 cm.
|
| 336 |
|
|
|a text
|b txt
|2 rdacontent
|
| 337 |
|
|
|a unmediated
|b n
|2 rdamedia
|
| 338 |
|
|
|a volume
|b nc
|2 rdacarrier
|
| 500 |
|
|
|a Originally published: London : Macmillan Children's Books, 2005.
|
| 520 |
|
|
|a When a young rabbit checks out a library book about wolves, he learns much more about their behavior than he wanted to know.
|
| 586 |
|
|
|a Kate Greenaway Medal, 2005
|
| 650 |
|
1 |
|a Wolves
|v Fiction.
|
| 650 |
|
1 |
|a Rabbits
|v Fiction.
|
| 650 |
|
1 |
|a Books and reading
|v Fiction.
|
| 650 |
|
1 |
|a Humorous stories.
|
| 856 |
4 |
2 |
|3 Publisher description
|u http://www.loc.gov/catdir/enhancements/fy0642/2005027540-d.html
|t 0
|
| 938 |
|
|
|a Baker & Taylor
|b BKTY
|c 15.95
|d 15.95
|i 1416914919
|n 0006619140
|s active
|
| 938 |
|
|
|a YBP Library Services
|b YANK
|n 2462386
|
| 948 |
|
|
|a cataloged
|b h
|c 2006/10/27
|d c
|e jgreene
|f 2:25:17 pm
|
| 994 |
|
|
|a C0
|b TXA
|
| 999 |
|
|
|a MARS
|
| 999 |
f |
f |
|s 7438e54e-7155-35ed-85e0-c0fec2274e2e
|i 321ed59a-2133-3d95-95fc-a94dbd20340d
|t 0
|
| 952 |
f |
f |
|p normal
|a Texas A&M University
|b College Station
|c Sterling C. Evans Library
|d Evans: Curriculum Collection (4th floor)
|t 0
|e PZ7.G77577 Wol 2006
|h Library of Congress classification
|i unmediated -- volume
|m A14834914652
|
| 998 |
f |
f |
|a PZ7.G77577 Wol 2006
|t 0
|l Evans: Curriculum Collection (4th floor)
|